Bratislava STU FCHPT

Na minha lista:
Detalhes bibliográficos
Autor principal: Todorchevska, Lora
Formato: Livro
Idioma:eslovaco
Publicado em: Bratislava STU FCHPT 2018
Acesso em linha:View in OPAC
Tags: Adicionar Tag
Sem tags, seja o primeiro a adicionar uma tag!

MARC

LEADER 00000nam a2200000 a 4500
005 20260127134200.0
008 180619 2018 a 001 0 slo d
035 |a vtls011762874 
039 9 |y 201806191140  |z mschk03 
040 |a STUSCHK1  |b slo  |c STUSCHK1  |e AACR2 
100 1 |a Todorchevska, Lora 
245 1 |a Bratislava  |b STU FCHPT  |c 2018 
260 |a Bratislava  |b STU FCHPT  |c 2018 
300 |a 78 s.  |b il.  |c 25 cm 
500 |a Študijný program: potraviny, hygiena, kozmetika 
500 |a Študijný odbor: potravinárstvo 
500 |a Školiace pracovisko: Ústav potravinárstva a výživy 
500 |a Evid. číslo: FCHPT-5457-63772 
910 |a SCHK95 
999 |c 6069  |d 6069